000 01104nam a22002295i 4500
001 160004
003 ES-MaACL
005 20250716063317.0
008 021029s1878 sp |||| | spa d
100 1 _aMontaldo y Peró, Federico,
_d1859-1912
_eaut
_982342
245 1 0 _aDiscursos leídos en la sesión inaugural del curso 1878 a 79 en el Ateneo de Alumnos Internos de la Facultad de Medicina de Madrid /
_cpor Federico Montaldo y Peró y Agustín García Andradas.
260 _aMadrid :
_b[s.n.],
_c1878
_f(Imp. de Álvarez Hermanos)
300 _a37 páginas ;
_c21 cm.
650 4 _aMedicina-
_vHistoria
_914907
655 4 _2tgfbne
_9234367
_aDiscursos académicos
700 1 _aGarcía Andradas, Agustín
_eaut
_9152895
710 2 _aAteneo de los Alumnos Internos de la Facultad de Medicina de Madrid.
_eisb
_9151183
852 _aES-MaACL
_cDEPOF
_gDedicatoria ms. del autor a Laureano Figuerola
_hDonativo Bosch
_jT-1270-F-1
_xEnc. en un vol. facticio
_xHolandesa conservando cub. original
942 _2udc
_cFOLLETOS
_n0
999 _c160004
_d160004